000 00457nam a2200181Ia 4500
003 LK-CoDNM
005 20241209132010.0
008 010623t1988 xxu||||| |||| 00| 1 eng d
040 _aLK-CoDNM
_dLK-CoDNM
_eLK-CoDNM
041 _aeng
080 _a294.3213
_bNAR
100 _aNarada Thero
245 _aThe Buddhist Doctrine of Kamma and Rebirth
260 _bSridevi
_aDehiwala
_c1988
300 _b42p. : 18 cm
650 _aBuddhism
942 _cBK
999 _c233183
_d233183